Vybrané výsledky komparace kvality lidských zdrojů v okresech České republiky

Definícia ľudského kapitálu zakladateľa teórie ľudského kapitálu G. Beckera. Analýza kvality ľudských zdrojov v 75 okresoch ČR. Výber demografických indikátorov. Medziokresné rozdiely - vybrané výsledky zhlukovej analýzy.

Saved in:
Bibliographic Details
Main Author: Hübelová, Dana
Format: Book Chapter
Language:Czech
Subjects:
Tags: Add Tag
No Tags, Be the first to tag this record!

MARC

LEADER 00000naa a2200000 4500
001 0241186
005 20231208101503.1
041 0 |a cze 
044 |a SK 
245 1 0 |a Vybrané výsledky komparace kvality lidských zdrojů v okresech České republiky  |c Dana Hübelová 
520 |a Definícia ľudského kapitálu zakladateľa teórie ľudského kapitálu G. Beckera. Analýza kvality ľudských zdrojov v 75 okresoch ČR. Výber demografických indikátorov. Medziokresné rozdiely - vybrané výsledky zhlukovej analýzy. 
610 2 0 |a kapitál ľudský 
610 2 0 |a zdroje ľudské 
610 2 0 |a demografia 
610 2 0 |a štruktúra obyvateľstva 
610 2 0 |a muži 
610 2 0 |a ženy 
610 2 0 |a vek 
610 2 0 |a pohyb obyvateľstva 
610 2 0 |a vzdelanie 
610 2 0 |a analýza zhluková 
610 2 0 |a okresy 
610 2 0 |a Česko 
100 1 |a Hübelová, Dana